| 000 | 00365cam a22001217a 4500 | ||
|---|---|---|---|
| 008 | 180718b1985 xxu||||| |||| 00| 0 eng d | ||
| 082 | _aAB45 Sa73 | ||
| 100 | _aSarkar, B.K. | ||
| 245 |
_aPositive background of Hindu sociology: introduction to Hindu positivism _cby B.K. Sarkar |
||
| 260 |
_aDelhi _bMotilal Banarsidass _c1985 |
||
| 300 | _a697p. | ||
| 650 | _aHinduism | ||
| 999 |
_c353569 _d353569 |
||